[Event "Condom op-A 11th"]
[Site "Condom"]
[Date "2012.07.14"]
[Round "1"]
[White "Attal, Maxence"]
[Black "Marholev, Dimitar"]
[Result "1/2-1/2"]
[WhiteElo "1975"]
[BlackElo "2356"]
[PlyCount "32"]
[EventDate "2012.07.14"]
[EventType "swiss"]
[EventRounds "9"]
[EventCountry "FRA"]
[SourceTitle "EXT 2013"]
[Source "ChessBase"]
[SourceDate "2012.11.22"]
[SourceVersion "1"]
[SourceVersionDate "2012.11.22"]
[SourceQuality "1"]

1. d4 Nf6 2. Nf3 g6 3. c4 Bg7 4. Nc3 0-0 5. e4 d6 6. Be2 c5 7. 0-0 Bg4 8. d5 Nfd7 9. Bg5 Na6 10. Nd2 Bxe2 11. Qxe2 h6 12. Bh4 g5 13. Bg3 Ne5 14. f4 gxf4 15. Bxf4 Nb4 16. Qh5 Kh7 1/2-1/2

[Event "FRA-chT 0102 U18"]
[Site "France"]
[Date "2002.05.09"]
[Round "9.5"]
[White "Attal, Maxence"]
[Black "Tache, Benjamin"]
[Result "0-1"]
[WhiteElo "1250"]
[BlackElo "1640"]
[PlyCount "84"]
[EventDate "2001.10.??"]
[EventType "team"]
[EventRounds "11"]
[EventCountry "FRA"]
[SourceTitle "EXT 2003"]
[Source "ChessBase"]
[SourceDate "2002.11.25"]
[SourceVersion "1"]
[SourceVersionDate "2002.11.25"]
[SourceQuality "1"]
[WhiteTeam "Nice"]
[BlackTeam "Bois Colombes"]
[WhiteTeamCountry "FRA"]
[BlackTeamCountry "FRA"]

1. e4 c5 2. Nf3 Nc6 3. d4 cxd4 4. Nxd4 Nf6 5. Nc3 e6 6. Bc4 Bb4 7. Bg5 d6 8. 0-0 0-0 9. Ndb5 a6 10. Bxf6 gxf6 11. a3 axb5 12. axb4 Rxa1 13. Qg4+ Kh8 14. Rxa1 bxc4 15. Ra3 Rg8 16. Qh5 Qf8 17. Ne2 e5 18. f4 Bg4 19. Qh4 Bxe2 20. Qxf6+ Qg7 21. Qxg7+ Rxg7 22. fxe5 dxe5 23. b5 Nd4 24. c3 Nxb5 25. Ra5 Nd6 26. Rxe5 Bd3 27. Rd5 Nxe4 28. b3 cxb3 29. Rxd3 b2 30. Rd1 Nxc3 31. Re1 b1Q 32. Rxb1 Nxb1 33. Kf2 b5 34. g3 b4 35. Ke2 f5 36. Kd3 b3 37. Kc4 Rb7 38. g4 b2 39. gxf5 Na3+ 40. Kd5 b1Q 41. Ke6 Qe4+ 42. Kf6 Qe7# 0-1

[Event "FRA-chT 0102 U18"]
[Site "France"]
[Date "2002.05.08"]
[Round "8.5"]
[White "Schaeffer, Vincent"]
[Black "Attal, Maxence"]
[Result "1-0"]
[WhiteElo "1650"]
[BlackElo "1250"]
[PlyCount "111"]
[EventDate "2001.10.??"]
[EventType "team"]
[EventRounds "11"]
[EventCountry "FRA"]
[SourceTitle "EXT 2003"]
[Source "ChessBase"]
[SourceDate "2002.11.25"]
[SourceVersion "1"]
[SourceVersionDate "2002.11.25"]
[SourceQuality "1"]
[WhiteTeam "Bischwiller"]
[BlackTeam "Nice"]
[WhiteTeamCountry "FRA"]
[BlackTeamCountry "FRA"]

1. e4 e6 2. d4 d5 3. exd5 exd5 4. c4 c6 5. Nc3 Nf6 6. Nf3 Be7 7. Be2 dxc4 8. Bxc4 b5 9. Be2 Bb7 10. 0-0 0-0 11. Bg5 Qc7 12. Rc1 Nbd7 13. Qc2 Rac8 14. Rfe1 Rfe8 15. Bd3 Bd6 16. Bf5 Rcd8 17. Ne4 c5 18. Nxf6+ Nxf6 19. Bxf6 gxf6 20. Bxh7+ Kg7 21. Be4 Rh8 22. h3 Bf4 23. Qxc5 Qxc5 24. Rxc5 Bxe4 25. Rxe4 Bd6 26. Rxb5 Rb8 27. Rxb8 Rxb8 28. b3 Rc8 29. g3 Rc2 30. Nh4 Bc7 31. Rg4+ Kf8 32. d5 Rxa2 33. Ra4 Rxa4 34. bxa4 Ke7 35. Nf5+ Kd7 36. h4 Ba5 37. h5 Bd2 38. Ne3 Ke8 39. d6 Ba5 40. Nd5 Bd2 41. f4 Ba5 42. Nxf6+ Kf8 43. h6 Bd8 44. Nd5 a5 45. g4 Bf6 46. g5 Bd4+ 47. Kg2 Bf6 48. gxf6 Ke8 49. h7 Kd7 50. h8Q Kxd6 51. Qd8+ Ke6 52. Kf3 Kf5 53. Ne3+ Kg6 54. Kg4 Kh6 55. Qh8+ Kg6 56. Qg7# 1-0

[Event "FRA-chT 0102 U18"]
[Site "France"]
[Date "2002.01.05"]
[Round "6.6"]
[White "Attal, Maxence"]
[Black "Magnin, Guillaume"]
[Result "0-1"]
[WhiteElo "1230"]
[BlackElo "1320"]
[PlyCount "104"]
[EventDate "2001.10.??"]
[EventType "team"]
[EventRounds "11"]
[EventCountry "FRA"]
[SourceTitle "EXT 2003"]
[Source "ChessBase"]
[SourceDate "2002.11.25"]
[SourceVersion "1"]
[SourceVersionDate "2002.11.25"]
[SourceQuality "1"]
[WhiteTeam "Nice"]
[BlackTeam "Avignon"]
[WhiteTeamCountry "FRA"]
[BlackTeamCountry "FRA"]

1. e4 d6 2. d4 g6 3. Nf3 Bg7 4. Nc3 Nf6 5. Be3 c6 6. Bd3 Qc7 7. Qd2 Nbd7 8. 0-0 0-0 9. h3 e5 10. Bh6 d5 11. Rfe1 Re8 12. Bxg7 Kxg7 13. Re3 b6 14. Rae1 exd4 15. Nxd4 Ne5 16. exd5 cxd5 17. Ndb5 Qb8 18. f4 Nxd3 19. Rxd3 Bb7 20. f5 Ne4 21. Nxe4 Rxe4 22. Rf3 Qe5 23. f6+ Kf8 24. Rxe4 dxe4 25. Qb4+ Ke8 26. Nd6+ Kd7 27. Nxf7 Qe6 28. Ng5 Qe5 29. Qe7+ Qxe7 30. fxe7 exf3 31. gxf3 Kxe7 32. Nxh7 Bxf3 33. Ng5 Bd5 34. b3 Rf8 35. h4 Rf4 36. c4 Bb7 37. Kh2 Rf2+ 38. Kh3 Rxa2 39. Kg4 Rb2 40. Nh3 Bc8+ 41. Kg3 Rxb3+ 42. Kh2 Rxh3+ 43. Kg2 Kf6 44. h5 gxh5 45. c5 b5 46. c6 b4 47. c7 b3 48. Kf2 b2 49. Ke2 b1Q 50. Kf2 Qb2+ 51. Kg1 Ra3 52. Kf1 Ra1# 0-1

[Event "FRA-chT 0102 U18"]
[Site "France"]
[Date "2002.??.??"]
[Round "4.6"]
[White "Attal, Maxence"]
[Black "Phanekham, Cyril"]
[Result "0-1"]
[WhiteElo "1230"]
[BlackElo "1650"]
[PlyCount "90"]
[EventDate "2001.10.??"]
[EventType "team"]
[EventRounds "11"]
[EventCountry "FRA"]
[SourceTitle "EXT 2003"]
[Source "ChessBase"]
[SourceDate "2002.11.25"]
[SourceVersion "1"]
[SourceVersionDate "2002.11.25"]
[SourceQuality "1"]
[WhiteTeam "Nice"]
[BlackTeam "Creteil"]
[WhiteTeamCountry "FRA"]
[BlackTeamCountry "FRA"]

1. e4 e6 2. d4 d5 3. e5 c5 4. c3 Qb6 5. Nf3 Nc6 6. Be2 Bd7 7. 0-0 f6 8. Re1 cxd4 9. cxd4 fxe5 10. dxe5 Bc5 11. Rf1 Nge7 12. Nc3 Qc7 13. Nb5 Qb8 14. Re1 a6 15. Nc3 Ng6 16. Qc2 Ncxe5 17. Nxd5 Bxf2+ 18. Kxf2 exd5 19. Bd3 0-0 20. Qc3 Nxd3+ 21. Qxd3 Bc6 22. Kg1 Qd6 23. Ng5 Rae8 24. Bd2 Qf6 25. h4 Qf2+ 26. Kh1 Qxh4+ 27. Kg1 Qf2+ 28. Kh2 d4 29. Rg1 Qh4+ 30. Qh3 Rf2 31. Qxh4 Nxh4 32. Be1 Rxg2+ 33. Rxg2 Nxg2 34. Bb4 Nf4 35. Rd1 h6 36. Nh3 Nxh3 37. Kxh3 Rd8 38. Be7 Rd7 39. Bc5 d3 40. Rd2 Bf3 41. Kg3 Be2 42. b4 Rc7 43. Kf4 Rc6 44. Be3 Rf6+ 45. Ke5 Kf7 0-1

[Event "FRA-chT 0102 U18"]
[Site "France"]
[Date "2001.11.25"]
[Round "3.6"]
[White "Attal, Maxence"]
[Black "Schlachter, David"]
[Result "0-1"]
[WhiteElo "1260"]
[BlackElo "1550"]
[PlyCount "66"]
[EventDate "2001.10.??"]
[EventType "team"]
[EventRounds "11"]
[EventCountry "FRA"]
[SourceTitle "EXT 2003"]
[Source "ChessBase"]
[SourceDate "2002.11.25"]
[SourceVersion "1"]
[SourceVersionDate "2002.11.25"]
[SourceQuality "1"]
[WhiteTeam "Nice"]
[BlackTeam "Hyeres"]
[WhiteTeamCountry "FRA"]
[BlackTeamCountry "FRA"]

1. e4 e5 2. Bc4 Nc6 3. Nc3 Bc5 4. d3 h6 5. f4 Bxg1 6. Rxg1 Qh4+ 7. Kf1 exf4 8. Qf3 Nd4 9. Qxf4 Qxf4+ 10. Bxf4 Nxc2 11. Rc1 Nd4 12. Bxc7 Nf6 13. Ne2 Nxe2 14. Kxe2 0-0 15. Rgf1 b6 16. Bd6 Re8 17. e5 Bb7 18. Kd2 Nd5 19. Bb3 Bc6 20. a3 Re6 21. Ba2 f6 22. exf6 Rxd6 23. f7+ Kf8 24. Rce1 Rf6 25. Rxf6 Nxf6 26. Re5 Bxg2 27. Kc3 Rc8+ 28. Kb4 Bf1 29. d4 a5+ 30. Ka4 Bc4 31. Bb1 Kxf7 32. b4 Nd5 33. b5 Nc3# 0-1

[Event "FRA-chT 0102 U18"]
[Site "France"]
[Date "2001.11.24"]
[Round "1.6"]
[White "Attal, Maxence"]
[Black "Paul, Victor Emmanuel"]
[Result "0-1"]
[WhiteElo "1230"]
[BlackElo "1750"]
[PlyCount "90"]
[EventDate "2001.10.??"]
[EventType "team"]
[EventRounds "11"]
[EventCountry "FRA"]
[SourceTitle "EXT 2003"]
[Source "ChessBase"]
[SourceDate "2002.11.25"]
[SourceVersion "1"]
[SourceVersionDate "2002.11.25"]
[SourceQuality "1"]
[WhiteTeam "Nice"]
[BlackTeam "Cannes"]
[WhiteTeamCountry "FRA"]
[BlackTeamCountry "FRA"]

1. e4 e5 2. Bc4 Nc6 3. d3 Bc5 4. Nc3 Nf6 5. f4 d6 6. f5 h6 7. Nf3 0-0 8. Na4 Bb6 9. Nxb6 axb6 10. 0-0 Na5 11. Bb5 Nc6 12. Re1 Bd7 13. a3 Ra5 14. Bc4 Re8 15. Nh4 Ne7 16. Qf3 Rf8 17. g4 Nh7 18. Qg3 Nc6 19. Rf1 Qf6 20. Ng6 Re8 21. h4 Nd4 22. g5 Ne2+ 23. Kf2 Nxg3 24. gxf6 Nxf1 25. Kxf1 Nxf6 26. b4 Ra7 27. d4 exd4 28. Nf4 Nxe4 29. Kg2 Bxf5 30. Bd3 Bd7 31. Bb2 c5 32. Re1 Bc6 33. Kf3 Nd2+ 34. Kf2 Rxe1 35. Kxe1 Nf3+ 36. Kf2 Nxh4 37. Kg3 g5 38. Ne2 Ng6 39. Kg4 Ne5+ 40. Kh5 Nxd3 41. cxd3 Kh7 42. Ng3 Bd7 43. bxc5 dxc5 44. a4 f5 45. a5 Be8# 0-1

[Event "Le Touquet op 09th"]
[Site "Le Touquet"]
[Date "1994.??.??"]
[Round "?"]
[White "Leroy, Didier"]
[Black "Attal, Maxence"]
[Result "1-0"]
[WhiteElo "1860"]
[BlackElo "2700"]
[PlyCount "31"]
[EventDate "1994.10.??"]
[EventType "swiss"]
[EventRounds "9"]
[EventCountry "FRA"]
[SourceTitle "EXT 2004"]
[Source "ChessBase"]
[SourceDate "2003.11.25"]
[SourceVersion "1"]
[SourceVersionDate "2003.11.25"]
[SourceQuality "1"]

1. e4 e6 2. d4 d5 3. Nd2 b6 4. Ngf3 Bb7 5. Bd3 dxe4 6. Nxe4 Nf6 7. Neg5 Bxf3 8. Qxf3 Qd5 9. Be4 Qd8 10. Bxa8 Qxd4 11. 0-0 h6 12. Rd1 Qc5 13. Be3 Qb5 14. Rd8+ Kxd8 15. Nxf7+ Ke7 16. Nxh8 1-0